000 00681nam a2200193 a 4500
001 BRCA_591
005 20190320203057.0
008 160508s2007----ho-a---###---#000-0#eng-#
020 _a9789040083310
050 4 _aNK4565
_b.K76 2007
100 1 _aKroes, Jochem
_92035
245 1 0 _aChinese Armorial Porcelain for the Duth Market
_bChinese Porcelain with Coats of Arms of Dutch Families
_cJochem Kroes.
260 _aThe Hague, Holanda
_bCentraal Bureau Voor Genealogie : Waanders
_c2007
300 _a718 p.
_bil. a color
_c26 cm.
500 _aIncluye glosario
650 1 4 _aPorcelana china
_xComercio en Alemania
_92036
650 1 4 _aEscudos de armas alemanas
_92037
942 _2lcc
_cB
999 _c519
_d519